000 00661cam a22002413a 4500
001 14406
003 PGUSA
005 20140828083316.0
008 041221s2004||||xxu|||||s|||||000 1 eng d
040 _aPGUSA
_beng
042 _adc
050 4 _aPR
100 1 _aBindloss, Harold,
_d1866-1945
245 1 4 _aThe Intriguers
_h[electronic resource] /
_cHarold Bindloss
260 _bProject Gutenberg,
_c2004
506 _aPublic domain in the USA.
516 _aElectronic text
653 _aLove stories
653 _aBritish -- Canada -- Fiction
830 0 _aProject Gutenberg
_v14406
856 4 0 _uhttp://www.gutenberg.org/ebooks/14406
942 _cEB
999 _c243661
_d243661